000 00296nam a22001337a 4500
008 170401b xxu||||| |||| 00| 0 eng d
020 _a9780321714480
041 _aeng
080 _a574
100 _a9
101 _aSHM
245 _aDIVERSITY AMIN GLOBALIZATION
_cROWNTREE, L
942 _2udc
_cBK
999 _c9417
_d9417